header

The spirit of tolerance in Islam (Record no. 80905)

MARC details
000 -LEADER
fixed length control field 01353nam a2200337Ia 4500
100 1# - MAIN ENTRY--AUTHOR NAME
Personal name Shah-Kazemi, Reza.
245 14 - TITLE STATEMENT
Title The spirit of tolerance in Islam
260 ## - PUBLICATION, DISTRIBUTION, ETC. (IMPRINT)
Place of publication London :
Name of publisher I.B. Tauris :
-- in association with the Institute of Ismaili Studies,
Year of publication 2012.
300 ## - PHYSICAL DESCRIPTION
Number of Pages vi, 165 p.
490 1# - SERIES STATEMENT
Series statement The Institute of Ismaili Studies, occasional papers ;
650 #0 - SUBJECT ADDED ENTRY--TOPICAL TERM
Topical Term Religious tolerance
Topical Term Toleration
856 40 - ELECTRONIC LOCATION AND ACCESS
Uniform Resource Identifier http://site.ebrary.com/lib/rucke/Doc?id=10572542

No items available.

© 2026 Rongo University
Contact us: librarian | system librarian | Rongo university